Nederland bevrijd! (Record no. 5752)

MARC details
000 -LEADER
fixed length control field 00676cam a22002171 4500
001 - CONTROL NUMBER
control field af 48003745
003 - CONTROL NUMBER IDENTIFIER
control field DLC
005 - DATE AND TIME OF LATEST TRANSACTION
control field 20260227110904.0
008 - FIXED-LENGTH DATA ELEMENTS--GENERAL INFORMATION
fixed length control field 860213s1945 ne 000 0 dut
010 ## - LIBRARY OF CONGRESS CONTROL NUMBER
LC control number af 48003745
035 ## - SYSTEM CONTROL NUMBER
System control number (OCoLC)23414055
040 ## - CATALOGING SOURCE
Original cataloging agency DLC
Transcribing agency MiU
Modifying agency DLC
042 ## - AUTHENTICATION CODE
Authentication code premarc
050 00 - LIBRARY OF CONGRESS CALL NUMBER
Classification number D829.N2
Item number S8
100 1# - MAIN ENTRY--PERSONAL NAME
Personal name Stempels, B. G.
245 10 - TITLE STATEMENT
Title Nederland bevrijd!
Remainder of title Waarheen nu?
Statement of responsibility, etc. 10 punten die de aandacht vragen. Open brief aan het Nederlandsche volk.
260 ## - PUBLICATION, DISTRIBUTION, ETC.
Place of publication, distribution, etc. Den Haag,
Name of publisher, distributor, etc. Zuid-Hollandsche Uitg. Mij
Date of publication, distribution, etc. [1945]
300 ## - PHYSICAL DESCRIPTION
Extent 35 p.
Dimensions 24 cm.
650 #0 - SUBJECT ADDED ENTRY--TOPICAL TERM
Topical term or geographic name entry element Reconstruction (1939-1951)
Geographic subdivision Netherlands.
651 #0 - SUBJECT ADDED ENTRY--GEOGRAPHIC NAME
Geographic name Netherlands
General subdivision Politics and government

No items available.

Powered by Koha